Taylor Swift Debut Album Songs - Statistics

General Stats
  • This quiz has been taken 49 times
  • The average score is 13 of 15
Answer Stats
Hint Answer % Correct
1. Tim McGraw
100%
11. Our Song
96%
2. Picture To Burn
96%
3. Teardrops on My Guitar
96%
15. Teardrops on My Guitar (Pop Version)
96%
8. Stay Beautiful
92%
5. Cold As You
88%
10. Mary's Song (Oh My My My)
88%
6. The Outside
85%
7. Tied Together With A Smile
85%
13. Invisible
81%
9. Should've Said No
81%
14. A Perfectly Good Heart
77%
4. A Place in this World
77%
12. I'm Only Me When I'm With You
73%
No matching quizzes found
Score Distribution
Percent of People with Each Score
Percentile by Number Answered
Your Score History
You have not taken this quiz